Introduction To Computers (Record no. 1914)

MARC details
005 - DATE AND TIME OF LATEST TRANSACTION
control field 20250505113849.0
020 ## - INTERNATIONAL STANDARD BOOK NUMBER
International Standard Book Number 0-81-259-0790-4
082 ## - DEWEY DECIMAL CLASSIFICATION NUMBER
Classification number LECT 001.6 LEO
100 ## - MAIN ENTRY--PERSONAL NAME
Author name LEON, A.
245 ## - TITLE STATEMENT
Title Introduction To Computers
260 ## - PUBLICATION, DISTRIBUTION, ETC.
Place of publication, distribution, etc. New Delhi,
Name of publisher, distributor, etc. Leon Techworld,
Date of publication, distribution, etc. 1999.
300 ## - PHYSICAL DESCRIPTION
Extent xxxvi, 446p.; ill.; figure, picture.
Other physical details Index.
Dimensions 25cm.
700 ## - ADDED ENTRY--PERSONAL NAME
Other authors/Editors LEON, M.
942 ## - ADDED ENTRY ELEMENTS (KOHA)
Source of classification or shelving scheme Dewey Decimal Classification
Koha item type Books
Holdings
Date last seen Total checkouts Full call number Barcode Price effective from Koha item type Lost status Source of classification or shelving scheme Damaged status Not for loan Withdrawn status Home library Current library Shelving location Date acquired Cost, normal purchase price
05/05/2025   LECT 001.6 LEO 0000007394 05/05/2025 Books   Dewey Decimal Classification       College of Business Education Main Library College of Business Education Main Library General Collection 11/01/2006 18200.00